000 00580nam a22001697a 4500
010 _aENG-120674
020 _c150.00
035 _aEN-104206
037 _bDBAD/PUB
082 _a686.225
100 _aK.Kiran Kumar
245 _aDTP made easy :
_cby K.Kiran Kumar
_ba simple book on page maker, photoshop and coraldraw /
260 _aHyderabad
_bSai Laasya Publications
_c2013
270 _aFlot No. 102, Divya Sai Apartments, H.No. 1-9-285/9/1, Vidhya Nagar,
_bHyderabad
_e500044
300 _a234p. :
_b25cm(pbk).
_cill.
942 _2ddc
_cEN
_h686.225
_mKIR
999 _c144613
_d144613